Statistics for Top 5 Eurovision placements 1957-2013

Click here to take the quiz!

General Stats

  • This quiz has been taken 2,803 times
  • The average score is 32 of 38

Answer Stats

# of times in Top 5 Country % Correct
28United Kingdom
99%
20Sweden
99%
11Norway
96%
18Ireland
96%
25France
96%
7Russia
96%
10Spain
95%
16Germany
95%
15Italy
94%
1Finland
93%
14Denmark
92%
2Serbia
91%
6Greece
90%
3Latvia
89%
6Austria
89%
7Belgium
88%
9The Netherlands
88%
5Ukraine
88%
4Estonia
88%
14Switzerland
87%
13Luxembourg
85%
6Turkey
84%
1Poland
84%
3Iceland
83%
10Israel
82%
5Azerbaijan
80%
3Romania
78%
3Croatia
76%
5Malta
76%
1Hungary
76%
3Cyprus
73%
1Armenia
73%
10Monaco
73%
1Bulgaria
72%
1Bosnia and Herzegovina
70%
4Yugoslavia
68%
1Albania
68%
1Serbia and Montenegro
38%

Score Distribution

Percentile by Number Answered

Percent of People with Each Score

Your Score History

You have not taken this quiz